| 000 | 00400nam a22001697a 4500 | ||
|---|---|---|---|
| 005 | 20160628125003.0 | ||
| 008 | 160628b xxu||||| |||| 00| 0 eng d | ||
| 020 | _a0-415-28419-8 | ||
| 041 | _aeng | ||
| 082 | _b10778 | ||
| 100 |
_aHoy, Frank and Stenworth, John _93045 |
||
| 245 | _aFranchising | ||
| 260 |
_bRoutledge _c2003 |
||
| 300 | _a247 | ||
| 650 |
_aMass Communication _92660 |
||
| 942 | _cBK | ||
| 999 |
_c4418 _d4417 |
||